00842nam a2200217 u 450000100100000000500170001000800410002704000250006808200200009324501430011326000540025630000210031049000110033150000730034265000430041565000450045870000240050370000300052771000560055783000110061300000904220251120073732.0090925s1989 dr r 000 p spa d aDO-SdBNPbspacBNPHU aRD861.08bC965p00aCuentos y poesias de hispanoamérica :bantología /cIntroducción, notas y selección Apolinar Núñez y Carlos Fernández Rocha. aSantiago, República Dominicana :bPUCMM,c1989. a162 p. ;c22 cm.1 aTextos aIncluye referencias bibliográficas y notas al pie de las páginas 4aPoesía hispanoamericanaxColecciones 4aLiteratura hispanoamericanaxColecciones12aNúñez, Apolinar12aFernández Rocha, Carlos22aPontificia Universidad Católica Madre y Maestra  0aTextos